• 首页
  • 本馆介绍
  • 公告通知
  • 最新文献
  • 馆藏检索
  • 电子资源
  • 读者导购
  • 参考咨询
  • 我的图书馆
  • 登录
  • 详细信息显示
  • 放入我的书架
  • 预约/预借图书
  • 作者相关作品
  • 分类相关作品
  • 丛书相关作品
  • 出版社相关作品

书目信息

  • 表格格式
  • 工作单格式
  • 卡片格式
题名:
电动力学
    
 
作者: 徐辅新
分册:  
出版信息: 安徽   安徽教育出版社  1986.60
页数: 356
开本: 20
丛书名:
单 册:
中图分类: O44
科图分类:
主题词: 电磁学 , 电动力学
电子资源:
ISBN:
000 00518nam0 2200193 450
001 202410181597480688
005 20241115093718.35
010    @d1.70
100    @a20241018d km y0chiy0120 ea
101 0  @achi
200 1  @a电动力学@ADian Dong Li Xue@f徐辅新@FXu Fu Xin
210    @a安徽@c安徽教育出版社@d1986.60
215    @a356@d20
606 0  @a电磁学
606 0  @a电动力学
690    @aO44@v4
701  0 @a徐辅新@AXu Fu Xin
801  0 @aCN@b大连网信软件有限公司图书馆·11@c20241115
905    @aZUCC@b7203760@dO44@e16
    
    电动力学/徐辅新.-安徽:安徽教育出版社,1986.60
    356;20
    
    
    ISBN :1.70
    
●
相关链接 在E读中查询图书 在五车中查询图书 在当当中查询图书 在豆瓣中查询图书


正题名:电动力学     索取号:O44/16         预约/预借

序号 登录号 条形码 馆藏地/架位号 状态 备注
1 7203760   272037609   密集书库-物理学院/ [索取号:O44/16] 在馆    
唐山师范学院图书馆 欢迎您!
大连网信软件有限公司© 版权所有